[Event "Damhusmesterskabet Gruppe A 2011"]
[Site "Rodovre"]
[Date "2011.09.06"]
[Round "1"]
[White "Ohayv, Nikolaj"]
[Black "Smidt, Johnny"]
[Result "1-0"]
[WhiteElo "1816"]
[BlackElo "1619"]
[PlyCount "49"]
[EventDate "2011.??.??"]


1. e4 c5 2. Nc3 Nc6 3. f4 d6 4. g3 g6 5. Bg2 Bg7 6. Nf3 e6 7. d3 Nge7 8. O-O
O-O 9. g4 d5 10. e5 Rb8 11. Ne2 f6 12. exf6 Bxf6 13. Ng3 Qc7 14. Qe2 Nd4 15.
Nxd4 Bxd4+ 16. Kh1 Bf6 17. c3 Bd7 18. f5 Be5 19. Bh6 Rf7 20. fxe6 Rxf1+ 21.
Rxf1 Bc6 22. Rf7 Re8 23. Qf2 Qd8 24. Qxc5 Bd6 25. Qd4 1-0

[Event "Damhusmesterskabet Gruppe A 2011"]
[Site "Rodovre"]
[Date "2011.09.06"]
[Round "1"]
[White "Kolvig, Bent"]
[Black "Rasmussen, Morten(1956)"]
[Result "1-0"]
[WhiteElo "2172"]
[BlackElo "1749"]
[PlyCount "69"]
[EventDate "2011.??.??"]


1. c4 e5 2. Nc3 Nf6 3. g3 g6 4. Bg2 Bg7 5. Nf3 d6 6. O-O Nc6 7. d3 O-O 8. Bd2
h6 9. Rb1 Be6 10. b4 Qd7 11. b5 Ne7 12. c5 Bh3 13. Qc1 Bxg2 14. Kxg2 Kh7 15.
Qa3 Nh5 16. cxd6 cxd6 17. Ne4 Rfd8 18. Nxd6 Qxd6 19. Bb4 Qd5 20. Bxe7 Rd7 21.
Bc5 e4 22. dxe4 Qxe4 23. Qe3 Qa4 24. a3 b6 25. Rb4 Qc2 26. Rc1 Qf5 27. Bd4 Nf6
28. Bxf6 Qxf6 29. Rc6 Qf5 30. Qe4 Qxe4 31. Rxe4 Rad8 32. Rec4 Rd5 33. Rc7 R8d7
34. a4 Bf8 35. e4 1-0

[Event "Damhusmesterskabet Gruppe A 2011"]
[Site "Rodovre"]
[Date "2011.09.06"]
[Round "1"]
[White "Boeskov, Steffen"]
[Black "Petersen, Steen Brustrup"]
[Result "0-1"]
[WhiteElo "1700"]
[BlackElo "2070"]
[PlyCount "62"]
[EventDate "2011.??.??"]


1. e4 c5 2. Na3 g6 3. c3 Bg7 4. g3 d5 5. Bg2 dxe4 6. Qa4+ Bd7 7. Qc4 Nf6 8.
Qxc5 Bc6 9. Nh3 Nbd7 10. Qe3 Ne5 11. O-O Nf3+ 12. Bxf3 exf3 13. d4 Qd7 14. Re1
O-O 15. Ng5 h6 16. Nxf3 Qh3 17. Qd3 e5 18. Rxe5 Ng4 19. Re2 Rfe8 20. Rxe8+ Rxe8
21. Bd2 Be4 22. Qe2 Nxh2 23. Nh4 Bc6 24. Qd3 Nf1 25. f3 Nxg3 26. d5 Re2 27.
Qxe2 Nxe2+ 28. Kf2 Qh2+ 29. Ng2 Qg3+ 30. Ke3 Bxd5 31. Rf1 Qxg2 0-1

[Event "Damhusmesterskabet Gruppe A 2011"]
[Site "Rodovre"]
[Date "2011.09.06"]
[Round "1"]
[White "Hejberg, Carsten"]
[Black "Kohler, Peter"]
[Result "1-0"]
[WhiteElo "1889"]
[BlackElo "1815"]
[PlyCount "81"]
[EventDate "2011.??.??"]


1. d4 Nf6 2. c4 e5 3. dxe5 Ne4 4. a3 Nc6 5. Nf3 d6 6. Qc2 Nc5 7. b4 Ne6 8. exd6
Bxd6 9. Bb2 O-O 10. e3 b6 11. Bd3 h6 12. O-O Bb7 13. Nbd2 a5 14. b5 Ne7 15. Be4
c6 16. bxc6 Nxc6 17. Bd5 Qe7 18. Ne4 Bc7 19. Qa4 Ncd8 20. Rfd1 b5 21. cxb5 f5
22. Nc3 Kh8 23. Bxb7 Nxb7 24. Nd5 Qe8 25. Nxc7 Nxc7 26. Qd4 Rf7 27. a4 Ne6 28.
Qe5 Nbc5 29. Rd5 Rc8 30. h3 Nd7 31. Qd6 Ndc5 32. Ne5 Rfc7 33. b6 Nb7 34. Qa3
Rc2 35. Rad1 Kh7 36. Rd7 Nbc5 37. R1d5 Ne4 38. f3 N6c5 39. fxe4 Nxe4 40. b7 Rb8
41. Qb3 1-0

[Event "Damhusmesterskabet Gruppe A 2011"]
[Site "Rodovre"]
[Date "2011.09.13"]
[Round "2"]
[White "Petersen, Steen Brustrup"]
[Black "Rasmussen, Morten(1956)"]
[Result "1-0"]
[WhiteElo "2070"]
[BlackElo "1749"]
[PlyCount "61"]
[EventDate "2011.??.??"]


1. e4 c5 2. Nf3 e6 3. d4 cxd4 4. Nxd4 Nc6 5. Nc3 Qc7 6. Be3 a6 7. Qd2 Nf6 8. f3
Bb4 9. a3 Be7 10. g4 h6 11. Rg1 Ne5 12. h4 d6 13. g5 hxg5 14. hxg5 Nfd7 15. f4
Nc4 16. Bxc4 Qxc4 17. O-O-O b5 18. Rh1 Rg8 19. Nb3 Qc7 20. Bd4 Bb7 21. Rh7 e5
22. fxe5 dxe5 23. Be3 O-O-O 24. Qf2 f6 25. gxf6 Nxf6 26. Rxd8+ Bxd8 27. Rh3
Nxe4 28. Qf5+ Qd7 29. Qxd7+ Kxd7 30. Nxe4 Bxe4 31. Nc5+ 1-0

[Event "Damhusmesterskabet Gruppe A 2011"]
[Site "Rodovre"]
[Date "2011.09.13"]
[Round "2"]
[White "Boeskov, Steffen"]
[Black "Hejberg, Carsten"]
[Result "1/2-1/2"]
[WhiteElo "1700"]
[BlackElo "1889"]
[PlyCount "56"]
[EventDate "2011.??.??"]


1. e4 d6 2. d4 Nf6 3. Nc3 c6 4. f4 Qa5 5. Bd2 e5 6. Nd5 Qd8 7. Nxf6+ Qxf6 8.
dxe5 dxe5 9. Qf3 exf4 10. O-O-O Bd6 11. Bc4 Nd7 12. Re1 Ne5 13. Qe2 Nxc4 14.
Qxc4 Be6 15. Qa4 Be5 16. Qa3 O-O-O 17. Nf3 Kb8 18. Nxe5 Qxe5 19. Rhf1 Ka8 20.
Bxf4 Qb5 21. Be3 b6 22. h3 Rd7 23. Rd1 Rhd8 24. Qc3 Rxd1+ 25. Rxd1 Rxd1+ 26.
Kxd1 Qf1+ 27. Kd2 Qxg2+ 28. Kd3 Qf1+ 1/2-1/2

[Event "Damhusmesterskabet Gruppe A 2011"]
[Site "Rodovre"]
[Date "2011.09.13"]
[Round "2"]
[White "Smidt, Johnny"]
[Black "Kolvig, Bent"]
[Result "0-1"]
[WhiteElo "1619"]
[BlackElo "2172"]
[PlyCount "88"]
[EventDate "2011.??.??"]


1. e4 d6 2. d4 Nf6 3. Nc3 Nbd7 4. g3 e5 5. Nge2 c6 6. a4 Be7 7. Bg2 O-O 8. O-O
Re8 9. h3 Bf8 10. Be3 a5 11. Qd2 exd4 12. Nxd4 Ne5 13. b3 c5 14. Nf5 d5 15. Bg5
dxe4 16. Qxd8 Rxd8 17. Bxf6 gxf6 18. Bxe4 Nf3+ 19. Bxf3 Bxf5 20. Ne4 Be7 21.
Rfe1 Kf8 22. Re2 Bxh3 23. Rae1 Be6 24. c4 Rd3 25. Re3 Rad8 26. Nc3 R8d7 27. Bd5
Bf5 28. Kg2 Rxe3 29. Rxe3 Bc2 30. Ne4 f5 31. Nd2 Bf6 32. Rf3 Bg5 33. Nf1 Be4
34. Bxe4 fxe4 35. Rc3 Rd3 36. Rc2 Rxb3 37. Re2 f5 38. g4 Rb4 39. gxf5 Rxa4 40.
Rxe4 b5 41. Rg4 Bc1 42. Rh4 Rxc4 43. Rxh7 a4 44. Ra7 a3 0-1

[Event "Damhusmesterskabet Gruppe A 2011"]
[Site "Rodovre"]
[Date "2011.09.13"]
[Round "2"]
[White "Kohler, Peter"]
[Black "Ohayv, Nikolaj"]
[Result "1-0"]
[WhiteElo "1815"]
[BlackElo "1816"]
[PlyCount "63"]
[EventDate "2011.??.??"]


1. e4 e5 2. Nf3 Nc6 3. d4 exd4 4. c3 dxc3 5. Nxc3 Bb4 6. Bc4 Qe7 7. O-O Bxc3 8.
bxc3 d6 9. Ba3 Ne5 10. Nxe5 Qxe5 11. Qb3 Nh6 12. f4 Qh5 13. Rf3 O-O 14. Rd1 Bg4
15. Rd5 Bxf3 16. Rxh5 Bxh5 17. h3 c6 18. g4 Bxg4 19. hxg4 d5 20. Be2 Rfe8 21.
e5 b6 22. Bd6 Rad8 23. Bf3 f5 24. g5 Nf7 25. Ba3 g6 26. c4 dxc4 27. Qxc4 c5 28.
e6 Nd6 29. Qe2 Re7 30. Bb2 Rde8 31. Qe5 Rxe6 32. Qg7# 1-0

[Event "Damhusmesterskabet Gruppe A 2011"]
[Site "Rodovre"]
[Date "2011.09.20"]
[Round "3"]
[White "Hejberg, Carsten"]
[Black "Petersen, Steen Brustrup"]
[Result "0-1"]
[WhiteElo "1889"]
[BlackElo "2070"]
[PlyCount "92"]
[EventDate "2011.??.??"]


1. c4 Nf6 2. Nc3 g6 3. d4 Bg7 4. e4 d6 5. Bg5 O-O 6. f4 c5 7. d5 Qa5 8. Qd2 e6
9. Bd3 exd5 10. exd5 Re8+ 11. Nge2 Bg4 12. O-O Na6 13. Ng3 Bd7 14. f5 Ng4 15.
f6 Bh8 16. Nge4 Qb6 17. h3 Ne5 18. Bh6 Bf5 19. g4 Bxe4 20. Nxe4 Nb4 21. Be2
Nxc4 22. Bxc4 Rxe4 23. b3 Rae8 24. Rae1 Qd8 25. Rxe4 Rxe4 26. a3 Na6 27. Bxa6
bxa6 28. Qd3 Re5 29. Bf4 Bxf6 30. Bxe5 Bxe5 31. Qxa6 Qg5 32. Qd3 Bd4+ 33. Kg2
Qxd5+ 34. Qf3 Qe6 35. Qa8+ Kg7 36. Qf3 h6 37. Rd1 a5 38. a4 f5 39. gxf5 gxf5
40. Rf1 Kf6 41. Qa8 Qe2+ 42. Kg3 Be5+ 43. Kh4 Qxf1 44. Qf8+ Ke6 45. Qe8+ Kd5
46. Qf7+ Kd4 0-1

[Event "Damhusmesterskabet Gruppe A 2011"]
[Site "Rodovre"]
[Date "2011.09.20"]
[Round "3"]
[White "Rasmussen, Morten(1956)"]
[Black "Smidt, Johnny"]
[Result "1-0"]
[WhiteElo "1749"]
[BlackElo "1619"]
[PlyCount "111"]
[EventDate "2011.??.??"]


1. d4 Nf6 2. c4 c5 3. Nf3 g6 4. Nc3 Bg7 5. e4 cxd4 6. Nxd4 d6 7. Be2 O-O 8. Be3
Nc6 9. O-O Bd7 10. Qd2 Rc8 11. Rac1 Ne5 12. b3 Neg4 13. Bg5 h6 14. Bh4 g5 15.
Bg3 Nh5 16. Nf5 Bxf5 17. exf5 Nxg3 18. hxg3 Nf6 19. g4 Qa5 20. f4 Nh7 21. Rfd1
Bxc3 22. Rxc3 gxf4 23. Rdc1 Ng5 24. Qxf4 Qc5+ 25. Kh2 Kg7 26. Rd3 Qa5 27. f6+
exf6 28. Rxd6 Qe5 29. Qxe5 fxe5 30. Rd7 Rb8 31. Rcd1 Ne6 32. Bf3 Nd4 33. Bd5
Kg6 34. Rf1 f6 35. Bxb7 Rf7 36. Be4+ Kg7 37. Rxf7+ Kxf7 38. Kg3 Rg8 39. Bf3 Ke7
40. Kf2 Kd6 41. Rh1 Rh8 42. Ke3 Kc5 43. Ke4 Kd6 44. Kd3 a5 45. Kc3 Kc5 46. a3
Rb8 47. Bd1 Rh8 48. b4+ axb4+ 49. axb4+ Kb6 50. Bf3 Kc7 51. c5 Nb5+ 52. Kc4 Nd4
53. b5 f5 54. b6+ Kd7 55. gxf5 Nxf5 56. Bg4 1-0

[Event "Damhusmesterskabet Gruppe A 2011"]
[Site "Rodovre"]
[Date "2011.09.20"]
[Round "3"]
[White "Ohayv, Nikolaj"]
[Black "Boeskov, Steffen"]
[Result "0-1"]
[WhiteElo "1816"]
[BlackElo "1700"]
[PlyCount "82"]
[EventDate "2011.??.??"]


1. e4 e5 2. Nf3 Nc6 3. Bb5 f5 4. d3 fxe4 5. dxe4 Nf6 6. Bxc6 bxc6 7. O-O Bc5 8.
Nxe5 O-O 9. Nc3 Ba6 10. Nd3 Bd4 11. Ne2 Bb6 12. Bg5 Qe8 13. Bxf6 Rxf6 14. Ng3
Qe6 15. e5 Rf7 16. Ne4 Qf5 17. Ng3 Qg6 18. Qd2 Raf8 19. Nh1 c5 20. Rae1 Bb7 21.
Ng3 h5 22. e6 Re7 23. exd7 Rxd7 24. Qe2 Ba6 25. Nxh5 Bxd3 26. cxd3 Rxd3 27.
Qe6+ Qxe6 28. Rxe6 Rd2 29. Rg6 Rf7 30. Ng3 Rxb2 31. a4 Ra2 32. Rg4 Rd2 33. Ne4
Rd4 34. f3 c4 35. Kh1 c3 36. a5 c2 37. axb6 Rd1 38. Kg1 Rxf1+ 39. Kxf1 c1=Q+
40. Kf2 axb6 41. Kg3 b5 0-1

[Event "Damhusmesterskabet Gruppe A 2011"]
[Site "Rodovre"]
[Date "2011.09.27"]
[Round "4"]
[White "Petersen, Steen Brustrup"]
[Black "Smidt, Johnny"]
[Result "1-0"]
[WhiteElo "2070"]
[BlackElo "1619"]
[PlyCount "51"]
[EventDate "2011.??.??"]


1. e4 c5 2. Nf3 Nc6 3. Nc3 g6 4. Bb5 Bg7 5. O-O a6 6. Bxc6 dxc6 7. h3 Nf6 8. d3
O-O 9. Be3 b6 10. Rb1 h6 11. Nh2 e5 12. b4 cxb4 13. Rxb4 c5 14. Rb2 Be6 15. Ng4
Bxg4 16. hxg4 g5 17. f3 Re8 18. Ne2 Bf8 19. Ng3 b5 20. Kf2 Qc7 21. Nf5 c4 22.
Rh1 Bc5 23. Rxh6 Bxe3+ 24. Nxe3 Re6 25. Qh1 Kf8 26. Rxf6 1-0

[Event "Damhusmesterskabet Gruppe A 2011"]
[Site "Rodovre"]
[Date "2011.10.18"]
[Round "4"]
[White "Kohler, Peter"]
[Black "Rasmussen, Morten(1956)"]
[Result "0-1"]
[WhiteElo "1815"]
[BlackElo "1749"]
[PlyCount "77"]
[EventDate "2011.??.??"]


1. e4 c5 2. d4 cxd4 3. c3 dxc3 4. Nxc3 Nc6 5. Nf3 d6 6. Bc4 a6 7. O-O Nf6 8.
Qe2 Bg4 9. Rd1 Bxf3 10. gxf3 e6 11. Bf4 Qc7 12. Rac1 Be7 13. Bb3 Qb6 14. Bxd6
O-O 15. Bxe7 Nxe7 16. e5 Nh5 17. Na4 Qb4 18. Rc4 Qb5 19. Nc3 Qb6 20. Qe4 Nc6
21. f4 Rad8 22. Qf3 g6 23. Rxd8 Rxd8 24. Ne4 Na5 25. Rc3 Qd4 26. Bc2 Qb4 27.
Rd3 Rc8 28. Bb3 Qe1+ 29. Kg2 Qc1 30. Nd6 Nxf4+ 31. Kg3 Nxd3 32. Nxc8 Nxe5 33.
Qc3 Qxc3+ 34. bxc3 Nxb3 35. axb3 Kf8 36. Nd6 b5 37. Nb7 Ke7 38. Nc5 a5 39. Kf4
0-1

[Event "Damhusmesterskabet Gruppe A 2011"]
[Site "Rodovre"]
[Date "2011.09.26"]
[Round "4"]
[White "Hejberg, Carsten"]
[Black "Ohayv, Nikolaj"]
[Result "1/2-1/2"]
[WhiteElo "1889"]
[BlackElo "1816"]
[PlyCount "79"]
[EventDate "2011.??.??"]


1. d4 d5 2. Nf3 c5 3. dxc5 Nc6 4. e4 dxe4 5. Qxd8+ Nxd8 6. Ne5 a6 7. Nc3 Nf6 8.
Be3 e6 9. O-O-O Be7 10. g4 Nd7 11. Nxd7 Bxd7 12. Rg1 Bc6 13. Bg2 f5 14. gxf5
exf5 15. Bf1 Bf6 16. Nd5 Bxd5 17. Rxd5 g6 18. Bc4 Nf7 19. Rgd1 Rd8 20. Rxd8+
Nxd8 21. Bf4 h6 22. Rd6 Ke7 23. Rb6 Bg5 24. Be3 f4 25. Bd4 Rf8 26. c6 bxc6 27.
Bc5+ Ke8 28. Bxf8 Kxf8 29. Rxa6 f3+ 30. Kd1 Bh4 31. b4 Bxf2 32. b5 cxb5 33. Bd5
Bg1 34. Bxe4 f2 35. Ke2 Ke7 36. Rxg6 Ne6 37. Kf1 h5 38. Rxg1 fxg1=Q+ 39. Kxg1
Nc5 40. Bd3 1/2-1/2

[Event "Damhusmesterskabet Gruppe A 2011"]
[Site "Rodovre"]
[Date "2011.10.04"]
[Round "5"]
[White "Rasmussen, Morten(1956)"]
[Black "Boeskov, Steffen"]
[Result "1-0"]
[WhiteElo "1749"]
[BlackElo "1700"]
[PlyCount "75"]
[EventDate "2011.??.??"]


1. d4 f5 2. Nf3 Nf6 3. c4 e6 4. g3 d5 5. Bg2 c6 6. b3 Bb4+ 7. Bd2 Bxd2+ 8.
Nbxd2 O-O 9. Ne5 Ne4 10. Nxe4 fxe4 11. O-O Nd7 12. Nxd7 Bxd7 13. Qd2 Qf6 14. f3
exf3 15. Bxf3 Qe7 16. Qc3 Rac8 17. Rac1 Qg5 18. e4 dxe4 19. Bxe4 Rfe8 20. Rce1
Re7 21. Rf4 c5 22. Bxb7 cxd4 23. Qxd4 Rce8 24. Re5 Qh6 25. Qd6 g6 26. c5 Qg7
27. c6 Bc8 28. Bxc8 Rxc8 29. Rxe6 Rec7 30. Qd5 Kh8 31. Rd6 Qe7 32. Rd4 Qf8 33.
Rf4 Qe7 34. Rd7 Qe3+ 35. Kg2 Rxc6 36. Rd8+ Rxd8 37. Qxd8+ Kg7 38. Qf8# 1-0

[Event "Damhusmesterskabet Gruppe A 2011"]
[Site "Rodovre"]
[Date "2011.10.04"]
[Round "5"]
[White "Kolvig, Bent"]
[Black "Hejberg, Carsten"]
[Result "1-0"]
[WhiteElo "2172"]
[BlackElo "1889"]
[PlyCount "65"]
[EventDate "2011.??.??"]


1. e4 d6 2. d4 Nf6 3. Nc3 c6 4. f4 Qa5 5. Bd3 e5 6. Nf3 Bg4 7. Be3 exf4 8. Bxf4
Qb6 9. Qd2 Bxf3 10. gxf3 Qxd4 11. O-O-O Nbd7 12. Be3 Qb4 13. a3 Qa5 14. Rhg1
O-O-O 15. Rg5 c5 16. f4 h6 17. Rg2 Nb6 18. e5 dxe5 19. fxe5 Nfd7 20. Bf4 g5 21.
Bg3 Bg7 22. Nb5 Qxd2+ 23. Rgxd2 Bxe5 24. Bf5 Rhe8 25. Nxa7+ Kc7 26. Nb5+ Kc6
27. a4 Nxa4 28. c4 Bd4 29. Nxd4+ cxd4 30. Rxd4 Re2 31. Rd6+ Kc5 32. R1d5+ Kxc4
33. Bd3+ 1-0

[Event "Damhusmesterskabet Gruppe A 2011"]
[Site "Rodovre"]
[Date "2011.10.04"]
[Round "5"]
[White "Smidt, Johnny"]
[Black "Kohler, Peter"]
[Result "0-1"]
[WhiteElo "1619"]
[BlackElo "1815"]
[PlyCount "68"]
[EventDate "2011.??.??"]


1. e4 c5 2. Nc3 e6 3. g3 d5 4. exd5 exd5 5. d4 Nc6 6. Be3 Nf6 7. h3 Be7 8. Nge2
cxd4 9. Nxd4 O-O 10. Bg2 Bb4 11. O-O Bxc3 12. bxc3 Be6 13. Rb1 Qd7 14. Kh2 Rfc8
15. f4 Ne7 16. g4 Bxg4 17. Qe1 Bf5 18. Rg1 Rc7 19. Qg3 g6 20. Bd2 Ne4 21. Bxe4
Bxe4 22. Qg4 Nf5 23. Nb5 Rc4 24. Rb2 a6 25. Nd4 Rd8 26. Rxb7 Qxb7 27. Nxf5 Bxf5
28. Qxf5 Qd7 29. Qg5 Re8 30. Rg2 Qd6 31. h4 Rce4 32. h5 Re2 33. hxg6 Rxg2+ 34.
Qxg2 Qxg6 0-1

[Event "Damhusmesterskabet Gruppe A 2011"]
[Site "Rodovre"]
[Date "2011.10.04"]
[Round "5"]
[White "Ohayv, Nikolaj"]
[Black "Petersen, Steen Brustrup"]
[Result "1-0"]
[WhiteElo "1816"]
[BlackElo "2070"]
[PlyCount "89"]
[EventDate "2011.??.??"]


1. e4 c5 2. Nc3 Nc6 3. f4 g6 4. Nf3 Bg7 5. g3 d6 6. Bg2 e5 7. d3 Nge7 8. O-O
O-O 9. Be3 f5 10. fxe5 Nxe5 11. Nxe5 Bxe5 12. Bh6 Bd4+ 13. Kh1 Bg7 14. Bxg7
Kxg7 15. Qd2 Bd7 16. Rae1 Bc6 17. Nd5 Nxd5 18. exd5 Bd7 19. Qc3+ Qf6 20. Re7+
Rf7 21. Rxf7+ Kxf7 22. Qa5 b6 23. Qa6 Qh8 24. c3 Qc8 25. Qc4 g5 26. Qg4 Kg6 27.
Qe2 Qe8 28. Qf2 Qf7 29. g4 f4 30. Be4+ Kg7 31. Qf3 Rh8 32. Kg2 h5 33. h3 hxg4
34. hxg4 Rh4 35. Bf5 Bxf5 36. gxf5 Qxf5 37. Rf2 Rg4+ 38. Kf1 Rg3 39. Qxg3 Qxd5
40. Qf3 Qxa2 41. c4 Qa4 42. Qh5 Kf6 43. Qh6+ Kf5 44. Qh3+ Kg6 45. Re2 1-0

[Event "Damhusmesterskabet Gruppe A 2011"]
[Site "Rodovre"]
[Date "2011.10.11"]
[Round "6"]
[White "Ohayv, Nikolaj"]
[Black "Kolvig, Bent"]
[Result "1/2-1/2"]
[WhiteElo "1816"]
[BlackElo "2172"]
[PlyCount "34"]
[EventDate "2011.??.??"]


1. e4 c6 2. d4 d5 3. Nc3 dxe4 4. Nxe4 Nf6 5. Nxf6+ gxf6 6. Nf3 Bf5 7. Bd3 Bxd3
8. Qxd3 Nd7 9. Bf4 Qa5+ 10. c3 O-O-O 11. O-O e6 12. b4 Qh5 13. Qe3 Nb6 14. Bg3
f5 15. b5 Nd5 16. Qd3 c5 17. c4 f4 1/2-1/2

[Event "Damhusmesterskabet Gruppe A 2011"]
[Site "Rodovre"]
[Date "2011.10.11"]
[Round "6"]
[White "Petersen, Steen Brustrup"]
[Black "Kohler, Peter"]
[Result "1-0"]
[WhiteElo "2070"]
[BlackElo "1815"]
[PlyCount "79"]
[EventDate "2011.??.??"]


1. e4 c5 2. Nf3 Nc6 3. Nc3 Nf6 4. Bb5 a6 5. Bxc6 bxc6 6. e5 Nd5 7. Ne4 d6 8. d4
cxd4 9. Qxd4 Qb6 10. exd6 Qxd4 11. Nxd4 exd6 12. Nxc6 Bb7 13. Nd4 Nb4 14. a3
Nxc2+ 15. Nxc2 Bxe4 16. Ne3 Be7 17. f3 Bb7 18. Bd2 Bh4+ 19. Ke2 Kd7 20. Nc4
Rhe8+ 21. Kd3 Bd8 22. Rhe1 Bc7 23. Rad1 Bd5 24. Bc3 g6 25. Kd4 Kc6 26. Rc1 Bxc4
27. Kxc4 d5+ 28. Kd3 Kd7 29. Kd4 Bxh2 30. Kxd5 Bg3 31. Re4 f5 32. Rb4 Re2 33.
Rb7+ Ke8 34. Rxh7 Rd8+ 35. Kc4 Be5 36. Bxe5 Rc8+ 37. Kd3 Rxc1 38. Kxe2 Rc2+ 39.
Kd3 Rxg2 40. f4 1-0

[Event "Damhusmesterskabet Gruppe A 2011"]
[Site "Rodovre"]
[Date "2011.10.11"]
[Round "6"]
[White "Hejberg, Carsten"]
[Black "Rasmussen, Morten(1956)"]
[Result "1-0"]
[WhiteElo "1889"]
[BlackElo "1749"]
[PlyCount "107"]
[EventDate "2011.??.??"]


1. d4 d5 2. c4 Nc6 3. Nf3 Bg4 4. Nc3 e6 5. Bg5 Nf6 6. e3 Be7 7. cxd5 exd5 8. h3
Be6 9. Bd3 O-O 10. Rc1 h6 11. Bh4 a6 12. a3 Na7 13. Na4 Nb5 14. Nc5 Nd6 15. Bg3
Qc8 16. Qc2 Bf5 17. Bxf5 Nxf5 18. Be5 Nd6 19. Nd2 Nde8 20. Na4 b5 21. Nb6 cxb6
22. Qxc8 Rxc8 23. Rxc8 Nd6 24. Rc7 Nc8 25. Ke2 Bd6 26. Bxd6 Nxd6 27. Rc6 Nc4
28. Nxc4 bxc4 29. Rxb6 Ra8 30. f3 Kf8 31. Rc1 Ke7 32. b3 Nd7 33. Rb7 cxb3 34.
Rxb3 Kd6 35. Rb7 f5 36. Rcc7 Rd8 37. Kd3 g6 38. Rxd7+ Rxd7 39. Rxd7+ Kxd7 40.
e4 fxe4+ 41. fxe4 dxe4+ 42. Kxe4 Ke6 43. d5+ Kd6 44. Kd4 g5 45. g4 a5 46. a4
Kd7 47. Ke5 Ke7 48. d6+ Kd7 49. Kd5 Kd8 50. Ke6 Ke8 51. d7+ Kd8 52. Kd6 h5 53.
gxh5 g4 54. h6 1-0

[Event "Damhusmesterskabet Gruppe A 2011"]
[Site "Rodovre"]
[Date "2011.10.13"]
[Round "6"]
[White "Boeskov, Steffen"]
[Black "Smidt, Johnny"]
[Result "1/2-1/2"]
[WhiteElo "1700"]
[BlackElo "1619"]
[PlyCount "109"]
[EventDate "2011.??.??"]


1. e4 c5 2. Nf3 Nc6 3. d4 cxd4 4. Nxd4 Nf6 5. Nc3 g6 6. Bc4 Bg7 7. Be3 O-O 8.
O-O d6 9. h3 Bd7 10. Qd2 Rc8 11. Bb3 Na5 12. Bh6 Nc4 13. Bxc4 Rxc4 14. Bxg7
Kxg7 15. Rfe1 Qa5 16. Nf3 Bc6 17. e5 Nd5 18. exd6 exd6 19. Qd3 Rb4 20. Nxd5
Bxd5 21. a3 Rb6 22. b4 Qb5 23. Qd4+ Kg8 24. Nd2 Qc6 25. f3 Ra6 26. c4 Be6 27.
b5 Qb6 28. Nb3 Ra4 29. Qxb6 axb6 30. Nd2 Rc8 31. Ne4 Rd8 32. Red1 Bxc4 33. Rxd6
Rxd6 34. Nxd6 Bd3 35. Nc8 Bxb5 36. Nxb6 Ra6 37. Nd5 Bc6 38. Nb4 Ra4 39. Kf2 Kf8
40. Kg3 Ra8 41. Kf4 Kg7 42. Ke5 Rd8 43. Nxc6 bxc6 44. Rc1 Rd2 45. Rxc6 Rxg2 46.
a4 Rg3 47. Ke4 Rxh3 48. Rc5 Rh4+ 49. f4 Rh1 50. a5 h5 51. Kf3 Ra1 52. Kg3 Ra4
53. Kf3 Ra3+ 54. Kg2 Kf6 55. Kh2 1/2-1/2

[Event "Damhusmesterskabet Gruppe A 2011"]
[Site "Rodovre"]
[Date "2011.10.25"]
[Round "7"]
[White "Kolvig, Bent"]
[Black "Petersen, Steen Brustrup"]
[Result "1/2-1/2"]
[WhiteElo "2172"]
[BlackElo "2070"]
[PlyCount "42"]
[EventDate "2011.??.??"]


1. d4 Nf6 2. Nc3 c5 3. d5 g6 4. e4 d6 5. Nf3 Bg7 6. h3 O-O 7. Bd3 Nbd7 8. O-O
Ne5 9. Nxe5 dxe5 10. Be3 b6 11. a4 Bd7 12. Qe2 Nh5 13. Bb5 Nf4 14. Bxf4 exf4
15. Bxd7 Qxd7 16. e5 f3 17. Qxf3 Bxe5 18. Rfe1 Bd4 19. Re2 Rfe8 20. Rae1 a6 21.
Qd3 Bxc3 1/2-1/2

[Event "Damhusmesterskabet Gruppe A 2011"]
[Site "Rodovre"]
[Date "2011.10.25"]
[Round "7"]
[White "Rasmussen, Morten(1956)"]
[Black "Ohayv, Nikolaj"]
[Result "1-0"]
[WhiteElo "1749"]
[BlackElo "1816"]
[PlyCount "101"]
[EventDate "2011.??.??"]


1. d4 d5 2. c4 e6 3. Nf3 c5 4. cxd5 exd5 5. Nc3 Nc6 6. g3 cxd4 7. Nxd4 Bb4 8.
Bg2 Nge7 9. O-O Nxd4 10. Qxd4 Bxc3 11. bxc3 O-O 12. Ba3 Be6 13. Qb4 Re8 14.
Qxb7 Rb8 15. Qxa7 Ra8 16. Qc5 Ra5 17. Qd6 Qa8 18. Bb4 Rxa2 19. Rxa2 Qxa2 20.
Bf3 h6 21. Rd1 Qc2 22. e3 Qf5 23. Qf4 Qc2 24. e4 Ng6 25. Qc1 Qxc1 26. Rxc1 Ne5
27. Bg2 d4 28. Rd1 d3 29. f4 Bb3 30. Rd2 Nc4 31. Rxd3 Bc2 32. Rd4 Ne3 33. Bf3
Bb3 34. Kf2 Nc2 35. Rd2 Nxb4 36. cxb4 Rb8 37. Rb2 Bc4 38. Be2 Bxe2 39. Kxe2 Rb5
40. Kd3 f6 41. Kc4 Rb7 42. Kc5 Kf7 43. Kc6 Re7 44. Rd2 Rxe4 45. b5 Rc4+ 46. Kb7
Ke7 47. b6 Rc3 48. Kb8 Rc4 49. b7 Rc3 50. Ra2 Kd7 51. Ka8 1-0

[Event "Damhusmesterskabet Gruppe A 2011"]
[Site "Rodovre"]
[Date "2011.10.25"]
[Round "7"]
[White "Smidt, Johnny"]
[Black "Hejberg, Carsten"]
[Result "0-1"]
[WhiteElo "1619"]
[BlackElo "1889"]
[PlyCount "112"]
[EventDate "2011.??.??"]


1. e4 c6 2. d4 d5 3. Nd2 dxe4 4. Nxe4 Nf6 5. Nxf6+ gxf6 6. Nf3 Bf5 7. g3 e6 8.
Bg2 Nd7 9. O-O Qc7 10. c3 O-O-O 11. Re1 Bg4 12. Qa4 Kb8 13. Qb3 h5 14. a4 Bxf3
15. Bxf3 h4 16. Bf4 Bd6 17. Bxd6 Qxd6 18. a5 hxg3 19. hxg3 f5 20. Ra4 Rc8 21.
Rb4 Rc7 22. Qa3 Qf8 23. Qa4 Qd6 24. Qa3 Qf8 25. Rb3 Qxa3 26. Rxa3 Nf6 27. Kg2
Rd8 28. b4 Nd5 29. Bxd5 cxd5 30. Kf3 Rdc8 31. Re3 a6 32. Kf4 Rg8 33. Kf3 Kc8
34. Re1 Kd7 35. Rh1 Rgc8 36. Rc1 Rc4 37. Ke3 Rxb4 38. Rh1 Rb2 39. Rf1 Kc6 40.
Rc1 Kb5 41. f3 Rc4 42. Rca1 Rc8 43. Kf4 Kc6 44. Ke5 Rg8 45. Rg1 Rg6 46. c4 dxc4
47. Rh1 Rxg3 48. Rh7 Rb3 49. Ra1 Rgxf3 50. Rxf7 Rfe3+ 51. Kf6 c3 52. Ra4 Kb5
53. Ra1 Kc4 54. Ra4+ Kd3 55. d5 exd5 56. Rd7 Rb5 0-1

[Event "Damhusmesterskabet Gruppe A 2011"]
[Site "Rodovre"]
[Date "2011.10.25"]
[Round "7"]
[White "Kohler, Peter"]
[Black "Boeskov, Steffen"]
[Result "1/2-1/2"]
[WhiteElo "1815"]
[BlackElo "1700"]
[PlyCount "153"]
[EventDate "2011.??.??"]


1. e4 e5 2. Nf3 Nc6 3. d4 exd4 4. c3 dxc3 5. Nxc3 Bb4 6. Bc4 Nge7 7. O-O O-O 8.
Nd5 Bc5 9. Bg5 h6 10. Bh4 Na5 11. Bd3 Nac6 12. Qd2 f6 13. Rac1 d6 14. b4 Nxd5
15. Bc4 Bxb4 16. Bxd5+ Kh8 17. Qb2 Bc5 18. Bg3 Ne5 19. Nxe5 fxe5 20. Rxc5 dxc5
21. Bxe5 Qe7 22. f4 Re8 23. Rf3 Kh7 24. Rg3 g6 25. Bf6 Qf8 26. f5 g5 27. Bxg5
Bxf5 28. Bf6 Bg6 29. Rxg6 Kxg6 30. e5 Rxe5 31. Bxe5 Qf5 32. Bf3 Re8 33. Bg3 b6
34. h3 Qd3 35. Qc1 Qe3+ 36. Qxe3 Rxe3 37. Bxc7 c4 38. Kf2 Ra3 39. Be4+ Kf6 40.
Bb1 Ra5 41. Ke3 Rd5 42. Bc2 c3 43. g4 Rd7 44. Bf4 Kg7 45. Be5+ Kf7 46. Bxc3
Re7+ 47. Kf3 Rc7 48. Bb3+ Kg6 49. Bd2 Rd7 50. Be3 b5 51. h4 a5 52. Bc2+ Kg7 53.
Ke4 Rc7 54. Bd4+ Kf8 55. Bd3 b4 56. Bb6 Re7+ 57. Kd5 Rd7+ 58. Kc4 Rf7 59. Bf5
h5 60. Bxa5 hxg4 61. Bxb4+ Kg7 62. Bc3+ Kh6 63. Be4 Kh5 64. a4 g3 65. a5 Kxh4
66. Bg2 Rf2 67. a6 Rxg2 68. Bd4 Ra2 69. a7 g2 70. Bg1 Kg3 71. Kc5 Kf3 72. Kb6
Ke2 73. Kb7 Rb2+ 74. Kc8 Ra2 75. Kb7 Kf1 76. Bd4 Rxa7+ 77. Bxa7 1/2-1/2